Operations strategy (Record no. 41942)

MARC details
000 -LEADER
fixed length control field 00402nam a2200181Ia 4500
020 ## - INTERNATIONAL STANDARD BOOK NUMBER
ISBN 9780273695196
050 ## - CALL MARK
Classification number TS 155 .S563/
100 ## - STATEMENT OF RESPONSIBILITY--MAIN AUTHOR NAME
Personal name Slack, Nigel.
245 #0 - TITLE STATEMENT
Title Operations strategy
260 ## - PUBLICATION, DISTRIBUTION, ETC. (IMPRINT)
Place of publication Harlow
260 ## - PUBLICATION, DISTRIBUTION, ETC. (IMPRINT)
Name of publisher Prentice Hall
260 ## - PUBLICATION, DISTRIBUTION, ETC. (IMPRINT)
Year of publication 2008
300 ## - PHYSICAL DESCRIPTION
Number of Pages 470 p
650 ## - SUBJECT ADDED ENTRY--TOPICAL TERM
Topical Term Harlow
942 ## - ADDED ENTRY ELEMENTS (KOHA)
Koha item type Books
Holdings
Withdrawn status Lost status Source of classification or shelving scheme Damaged status Not for loan Permanent Location Current Location Shelving location Date acquired Accession Number Price effective from Koha item type
    Library of Congress Classification     NILE UNIVERSITY OF NIGERIA - MAIN LIBRARY NILE UNIVERSITY OF NIGERIA - MAIN LIBRARY Items on shelf 06/03/2025 0010153 06/03/2025 Books
    Library of Congress Classification     NILE UNIVERSITY OF NIGERIA - MAIN LIBRARY NILE UNIVERSITY OF NIGERIA - MAIN LIBRARY Items on shelf 06/03/2025 0010154 06/03/2025 Books